000 00579nam a2200193 4500
001 VA43949
003 ES-SlBCS
005 20210601155902.0
008 140520s1996 xxu||||| |||| 00| 0 spa d
020 _a84-369-2822-9
041 _aspa
100 1 _aGodel Rambaud, Margarita
_9384988
245 1 0 _aInfluencia del tipo de syllabus en la competencia comunicativa de los alumnos
_cMargarita Godel Rambaud
260 _aMadrid :
_bMEC
_c, 1996
300 _a434 p.;
_c21 cm
490 0 _aInvestigación
_v121
650 0 4 _aAlumnos-Competencia Comunicativa
_9384989
942 _cBK
999 _c823060
_d823060